[Event "HUN-ch U12"]
[Site "Balatonlelle"]
[Date "2019.06.21"]
[Round "1"]
[White "Konyves, Almos"]
[Black "Zsaki, Akos"]
[Result "1-0"]
[WhiteElo "2125"]
[BlackElo "1432"]
[PlyCount "67"]
[EventDate "2019.06.21"]
[EventType "swiss"]
[EventRounds "9"]
[EventCountry "HUN"]
[SourceTitle "CBM 191 Extra"]
[Source "ChessBase"]
[SourceDate "2019.09.30"]
[SourceVersion "1"]
[SourceVersionDate "2019.09.30"]
[SourceQuality "1"]

1. c4 Nc6 2. Nc3 e5 3. g3 Bc5 4. Bg2 Nf6 5. e3 d6 6. Nge2 0-0 7. 0-0 Re8 8. d3 a5 9. a3 h6 10. Rb1 Bf5 11. Kh1 e4 12. d4 Bb6 13. b4 Bg4 14. h3 Bh5 15. Qc2 Qc8 16. Nf4 Bf3 17. Bxf3 exf3 18. Kh2 g5 19. Nfd5 Nxd5 20. Nxd5 Kg7 21. c5 dxc5 22. dxc5 Ba7 23. Bb2+ Ne5 24. Qe4 f6 25. Bxe5 Rxe5 26. Qxf3 Rf5 27. Qg2 Qd7 28. e4 Re5 29. f4 Re6 30. Rbd1 Qf7 31. fxg5 hxg5 32. e5 Rae8 33. Nxf6 R8e7 34. Nd5 1-0